|
|
|
|
| LEADER |
00000cam a2200000 i 4500 |
| 001 |
1/87466 |
| 008 |
051014s1964 gr | ||| |||| ||gre|| |
| 035 |
|
|
|l 10080827
|
| 040 |
|
|
|a GR-MY-UA
|b gre
|e aacr
|
| 041 |
0 |
|
|a gre
|
| 082 |
7 |
|
|a 320.53209495
|2 (22)
|
| 082 |
7 |
|
|a 272
|2 (22)
|
| 100 |
1 |
|
|a Παπαγεωργίου-Εράλδυς, Γεώργιος.
|
| 245 |
1 |
0 |
|a Πολιτική μόρφωσις των χριστιανικών και μουσουλμανικών λαών /
|c Γ. Παπαγεωργίου-Εράλδυ.
|
| 260 |
|
|
|a Αθήναι :
|b [χ.ό.],
|c 1964.
|
| 300 |
|
|
|a 93 σ. ;
|c 22 εκ.
|
| 500 |
|
|
|a Με: Χριστιανισμός και κοινωνική πρόνοια / Δημοσθένους Σ. Σαβράμη. - Το νόημα της εργασίας / Δ. Σαβράμη.
|
| 500 |
|
|
|a Το αντίτυπο με αριθμό εισαγωγής 122262 είναι δεμένο με: Έγκλημα και προδοσία του Κ.Κ.Ε. / Θεοδωροπούλου Ευσταθίου. - Το κουτσοβλαχικόν ζήτημα / Δημητρίου Π. Ανέστη.
|
| 501 |
|
|
|a Με: Το κουτσοβλαχικόν ζήτημα / Δημητρίου Π. Ανέστη. Λάρισα: Τουφεξής, 1961. Δεμένα μαζί μετά τη δημοσίευσή τους.
|
| 504 |
|
|
|a Περιέχει βιβλιογραφικές παραπομπές και συμπληρωματικό φυλάδιο (101-110 σ.).
|
| 650 |
0 |
0 |
|a Education
|x Political aspects.
|
| 740 |
3 |
|
|a Το κουτσοβλαχικόν ζήτημα.
|
| 740 |
0 |
|
|a Έγκλημα και προδοσία του Κ.Κ.Ε.
|
| 852 |
|
|
|a INST
|b RHODES
|c KRI
|e 20051014
|h 272 ΣΑΒ
|p 005400028401
|q 005400028401
|t BK
|y 0
|
| 852 |
|
|
|a INST
|b RHODES
|c KRI
|e 20051020
|h 320.53209495 ΘΕΟ
|p 005400030734
|q 005400030734
|t BK
|y 0
|
| 901 |
|
|
|a BIBL4-2005-3
|
| 909 |
|
|
|a Ρ
|b 122547
|
| 909 |
|
|
|a Ρ
|b 122262
|
| 920 |
|
|
|a ΚΡΙΚΩΝΗΣ
|b ΔΗΜΗΤΡΙΟΣ Ι.
|y Ρόδος
|z 2004-10
|
| 970 |
|
|
|a ΣΙΔΕΡΗ
|b ΝΕΚΤΑΡΙΑ
|z 2005/10/20
|